[Event "New York 1000 GM Spring GM-B"]
[Site "New York"]
[Date "2024.03.31"]
[Round "9"]
[White "Sinha, Sahil"]
[Black "Nagy, Gabor"]
[Result "1/2-1/2"]
[WhiteElo "2299"]
[BlackElo "2436"]
[PlyCount "30"]
[EventDate "2024.03.27"]
[EventType "tourn"]
[EventRounds "9"]
[EventCountry "USA"]
[EventCategory "6"]
[SourceTitle "CB14_2024"]
[SourceDate "2024.04.01"]
[SourceVersion "1"]
[SourceVersionDate "2024.04.01"]
[SourceQuality "1"]

1. d4 Nf6 2. c4 e6 3. Nc3 d5 4. Nf3 h6 5. Bf4 Bd6 6. Bg3 0-0 7. e3 Bxg3 8. hxg3 Qe7 9. Qc2 dxc4 10. Bxc4 c5 11. 0-0 cxd4 12. exd4 Qc7 13. Qe2 Nc6 14. Rac1 Bd7 15. Rfd1 Rac8 1/2-1/2

[Event "New York 1000 GM Spring GM-B"]
[Site "New York"]
[Date "2024.03.29"]
[Round "4"]
[White "Nagy, Gabor"]
[Black "Girish, A Koushnik"]
[Result "1/2-1/2"]
[WhiteElo "2436"]
[BlackElo "2499"]
[PlyCount "31"]
[EventDate "2024.03.27"]
[EventType "tourn"]
[EventRounds "9"]
[EventCountry "USA"]
[EventCategory "6"]
[SourceTitle "CB14_2024"]
[SourceDate "2024.04.01"]
[SourceVersion "1"]
[SourceVersionDate "2024.04.01"]
[SourceQuality "1"]

1. d4 d5 2. c4 c6 3. cxd5 cxd5 4. Nf3 Nc6 5. Nc3 Nf6 6. Bf4 a6 7. e3 Bf5 8. Bd3 Bxd3 9. Qxd3 e6 10. 0-0 Bd6 11. Bxd6 Qxd6 12. Rfc1 0-0 13. h3 Rac8 14. a3 h6 15. Rc2 Rc7 16. Rac1 1/2-1/2

[Event "Budapest SixDays 01 GM-A"]
[Site "Budapest"]
[Date "2024.01.31"]
[Round "8"]
[White "Barrish, Daniel"]
[Black "Nagy, Gabor"]
[Result "1/2-1/2"]
[WhiteElo "2347"]
[BlackElo "2450"]
[PlyCount "39"]
[EventDate "2024.01.27"]
[EventType "tourn"]
[EventRounds "9"]
[EventCountry "HUN"]
[EventCategory "7"]
[SourceTitle "CB06_2024"]
[SourceDate "2024.02.07"]
[SourceVersion "1"]
[SourceVersionDate "2024.02.07"]
[SourceQuality "1"]

1. e4 e5 2. Nf3 Nc6 3. Bc4 Nf6 4. d3 Bc5 5. Nc3 d6 6. Na4 Bb6 7. Nxb6 axb6 8. a3 Be6 9. Bxe6 fxe6 10. c3 0-0 11. 0-0 Qe8 12. h3 h6 13. b4 Nh5 14. Kh2 Qg6 15. g3 Qf7 16. Nh4 g5 17. Ng2 Qf3 18. Qxf3 Rxf3 19. Be3 Kh7 20. a4 1/2-1/2

[Event "New York 1000 GM Winter GM-B"]
[Site "New York"]
[Date "2024.01.14"]
[Round "6"]
[White "Nagy, Gabor"]
[Black "Levine, Joseph1"]
[Result "1/2-1/2"]
[WhiteElo "2450"]
[BlackElo "2376"]
[PlyCount "42"]
[EventDate "2024.01.11"]
[EventType "tourn"]
[EventRounds "9"]
[EventCountry "USA"]
[EventCategory "6"]
[SourceTitle "CB04_2024"]
[SourceDate "2023.10.16"]
[SourceVersion "1"]
[SourceVersionDate "2023.10.16"]
[SourceQuality "1"]

1. d4 Nf6 2. c4 e6 3. Nf3 d5 4. Nbd2 c5 5. cxd5 exd5 6. dxc5 Bxc5 7. e3 0-0 8. Be2 Nc6 9. Nb3 Bd6 10. 0-0 Ne4 11. Bd2 Qf6 12. Bc3 Nxc3 13. bxc3 Qxc3 14. Qxd5 Rd8 15. Qe4 Qf6 16. Nbd4 Nxd4 17. Nxd4 Qe5 18. Qxe5 Bxe5 19. Rfd1 Bd7 20. Bf3 Rab8 21. Rab1 b6 1/2-1/2

[Event "New York 1000 GM Winter GM-B"]
[Site "New York"]
[Date "2024.01.11"]
[Round "1"]
[White "Lee, Alice"]
[Black "Nagy, Gabor"]
[Result "1/2-1/2"]
[WhiteElo "2379"]
[BlackElo "2450"]
[PlyCount "79"]
[EventDate "2024.01.11"]
[EventType "tourn"]
[EventRounds "9"]
[EventCountry "USA"]
[EventCategory "6"]
[SourceTitle "CB04_2024"]
[SourceDate "2023.10.16"]
[SourceVersion "1"]
[SourceVersionDate "2023.10.16"]
[SourceQuality "1"]

1. d4 d5 2. c4 e6 3. Nf3 Nf6 4. g3 Nc6 5. Bg2 Bb4+ 6. Bd2 a5 7. Qc2 dxc4 8. Qxc4 Qd5 9. Qd3 Qe4 10. Qxe4 Nxe4 11. a3 Nxd2 12. Nbxd2 Be7 13. Rc1 0-0 14. Nc4 Rd8 15. e3 Bd7 16. Nfe5 Nxe5 17. Nxe5 c6 18. Nxd7 Rxd7 19. Ke2 g6 20. h4 h5 21. Bf3 Kg7 22. Rc2 Rad8 23. Rb1 Kf6 24. b4 axb4 25. axb4 e5 26. dxe5+ Kxe5 27. b5 c5 28. Ra1 f5 29. b6 Ke6 30. e4 fxe4 31. Bxe4 Kf6 32. Ra7 Rb8 33. Ra3 Kg7 34. Re3 Rbd8 35. Ra2 Bf6 36. Rd3 Rxd3 37. Bxd3 Rd6 38. Ra7 Rxb6 39. Be4 Rb2+ 40. Kf1 1/2-1/2

[Event "Sunnyvale 1000 GM Winter 01"]
[Site "Sunnyvale"]
[Date "2024.01.05"]
[Round "6"]
[White "Nagy, Gabor"]
[Black "Rajaram, Rohan"]
[Result "1-0"]
[WhiteElo "2450"]
[BlackElo "2151"]
[PlyCount "111"]
[EventDate "2024.01.02"]
[EventType "schev"]
[EventRounds "9"]
[EventCountry "USA"]
[SourceTitle "CB02_2024"]
[SourceDate "2024.01.10"]
[SourceVersion "1"]
[SourceVersionDate "2024.01.10"]
[SourceQuality "1"]

1. Nf3 d5 2. g3 Nf6 3. Bg2 c6 4. c4 Bf5 5. 0-0 e6 6. cxd5 exd5 7. d3 h6 8. Qb3 Qb6 9. Qc2 Be7 10. Nc3 Nbd7 11. e4 dxe4 12. dxe4 Bh7 13. Be3 c5 14. Rfd1 0-0 15. Bh3 Rad8 16. Qe2 Qc6 17. e5 Ne4 18. Nd5 Rfe8 19. Nxe7+ Rxe7 20. Rac1 b6 21. b4 Rb8 22. bxc5 Ndxc5 23. Nd4 Qe8 24. f4 f6 25. e6 f5 26. Qc4 b5 27. Qb4 Rc8 28. Nxf5 Rxe6 29. Nd4 Rg6 30. Nf5 Rgc6 31. Re1 Qe6 32. Nxh6+ Qxh6 33. Bxc8 Rxc8 34. Bxc5 Qh5 35. Bxa7 Ra8 36. Rxe4 Bxe4 37. Qxe4 Re8 38. Qd3 Qf7 39. Bf2 Qxa2 40. Qxb5 Rd8 41. Qc4+ Qxc4 42. Rxc4 Kf7 43. Kg2 Rd6 44. g4 Kg6 45. h4 Kh7 46. h5 Rd7 47. Rc6 Rf7 48. Be3 Re7 49. Kf3 Rf7 50. g5 Rd7 51. f5 Rd8 52. g6+ Kg8 53. Rc7 Rf8 54. Bd4 Rxf5+ 55. Ke4 Rf8 56. Rxg7+ 1-0

[Event "SVK-chT 2324"]
[Site "Slovakia"]
[Date "2023.11.04"]
[Round "1.5"]
[White "Szegi, Tamas"]
[Black "Nagy, Gabor"]
[Result "1/2-1/2"]
[WhiteElo "2178"]
[BlackElo "2445"]
[PlyCount "84"]
[EventDate "2023.11.04"]
[EventType "team-tourn"]
[EventRounds "11"]
[EventCountry "SVK"]
[SourceTitle "Mega2024 Update 01"]
[Source "Chessbase"]
[SourceDate "2023.11.12"]
[SourceVersion "1"]
[SourceVersionDate "2023.11.12"]
[SourceQuality "1"]
[WhiteTeam "Komarno"]
[BlackTeam "Modra"]
[WhiteTeamCountry "SVK"]
[BlackTeamCountry "SVK"]

1. e4 c5 2. Nf3 e6 3. c3 d5 4. e5 d4 5. cxd4 cxd4 6. Bb5+ Bd7 7. Qe2 Nc6 8. 0-0 a6 9. Ba4 Nge7 10. d3 Ng6 11. Bg5 Be7 12. Bxe7 Qxe7 13. Nbd2 Ncxe5 14. Bxd7+ Nxd7 15. Rac1 0-0 16. Rc7 Rab8 17. g3 Rfd8 18. Rfc1 Qd6 19. Ne4 Qd5 20. Nfg5 b6 21. f4 h6 22. Nf3 f5 23. Ned2 e5 24. R1c6 Ne7 25. Rc4 b5 26. Rxd4 exd4 27. Qxe7 Qf7 28. Qxf7+ Kxf7 29. Nxd4 Rbc8 30. Ra7 Kg8 31. N2f3 Rc1+ 32. Kg2 Nc5 33. Nxf5 Rd7 34. Ra8+ Kh7 35. d4 Ne4 36. Ne5 Rdc7 37. Rxa6 R1c2+ 38. Kf3 Nf6 39. Nd3 Rxh2 40. Rb6 Rd2 41. Rxb5 g6 42. Ke3 Rf2 1/2-1/2

[Event "EU-Cup 38th"]
[Site "Durres"]
[Date "2023.10.07"]
[Round "7.1"]
[White "Nagy, Gabor"]
[Black "Kadric, Denis"]
[Result "1/2-1/2"]
[WhiteElo "2439"]
[BlackElo "2579"]
[PlyCount "60"]
[EventDate "2023.10.01"]
[EventType "team-swiss"]
[EventRounds "7"]
[EventCountry "ALB"]
[SourceTitle "EXT 2024"]
[Source "ChessBase"]
[SourceDate "2023.10.10"]
[SourceVersion "1"]
[SourceVersionDate "2023.10.10"]
[SourceQuality "1"]
[WhiteTeam "KSK Rochade"]
[BlackTeam "Elektroprivreda"]
[WhiteTeamCountry "BEL"]
[BlackTeamCountry "MNE"]

1. d4 Nf6 2. c4 d6 3. Nc3 e5 4. Nf3 Nbd7 5. Qc2 c6 6. e4 g6 7. Be2 Bg7 8. 0-0 0-0 9. Rd1 Qe7 10. dxe5 dxe5 11. h3 Nh5 12. Bg5 f6 13. Be3 f5 14. Rab1 f4 15. Bc1 Nc5 16. b4 Ne6 17. Na4 b6 18. Rb3 c5 19. bxc5 Bd7 20. Rbd3 Bxa4 21. Qxa4 Nxc5 22. Ba3 Nxa4 23. Bxe7 Rfe8 24. Ra3 Rxe7 25. Rxa4 Nf6 26. c5 bxc5 27. Rd6 Rb8 28. Bc4+ Kh8 29. Nd2 h6 30. Raa6 Rb2 1/2-1/2

[Event "EU-Cup 38th"]
[Site "Durres"]
[Date "2023.10.05"]
[Round "5.1"]
[White "Nagy, Gabor"]
[Black "Maksimovic, Bojan"]
[Result "0-1"]
[WhiteElo "2439"]
[BlackElo "2502"]
[PlyCount "104"]
[EventDate "2023.10.01"]
[EventType "team-swiss"]
[EventRounds "7"]
[EventCountry "ALB"]
[SourceTitle "EXT 2024"]
[Source "ChessBase"]
[SourceDate "2023.10.10"]
[SourceVersion "1"]
[SourceVersionDate "2023.10.10"]
[SourceQuality "1"]
[WhiteTeam "KSK Rochade"]
[BlackTeam "Zmaj"]
[WhiteTeamCountry "BEL"]
[BlackTeamCountry "SRB"]

1. c4 g6 2. Nc3 Bg7 3. g3 Nc6 4. Bg2 d6 5. d3 Nf6 6. e4 h5 7. h3 Nd4 8. Nge2 c5 9. Nxd4 cxd4 10. Nd5 Nh7 11. Bd2 e6 12. Nf4 h4 13. gxh4 Qxh4 14. Qa4+ Bd7 15. Qb4 Be5 16. Ne2 b6 17. Rf1 g5 18. 0-0-0 Nf8 19. Ng1 Ng6 20. Nf3 Qh5 21. Bxg5 Bf4+ 22. Bxf4 Nxf4 23. Bh1 Qc5 24. Qd2 e5 25. b4 Qc7 26. Nxd4 Rxh3 27. Nf5 Rxd3 28. Qc2 Rc3 29. Nxd6+ Kf8 30. Qxc3 Ne2+ 31. Kb2 Nxc3 32. Kxc3 Ba4 33. Rd5 Rd8 34. Nf5 Rxd5 35. exd5 Bd7 36. Ne3 f5 37. Re1 e4 38. Kd4 Qd6 39. c5 bxc5+ 40. bxc5 Qf6+ 41. Kc4 Qa6+ 42. Kd4 Qd3+ 43. Ke5 Qc3+ 44. Kd6 Be8 45. Rd1 Qg7 46. Nxf5 Qf6+ 47. Kc7 Qxf5 48. c6 Qh5 49. f3 e3 50. d6 Qa5+ 51. Kb7 Qb6+ 52. Ka8 Bxc6# 0-1

[Event "Titled Tuesday intern op 26th Sep Early"]
[Site "Chess.com INT"]
[Date "2023.09.26"]
[Round "6"]
[White "Osinovsky, Stepan"]
[Black "Nagy, Gabor"]
[Result "0-1"]
[WhiteElo "2241"]
[BlackElo "2448"]
[PlyCount "70"]
[EventDate "2023.09.26"]
[EventType "swiss (blitz)"]
[EventRounds "11"]
[EventCountry "USA"]
[SourceTitle "EXT 2024"]
[Source "ChessBase"]
[SourceDate "2023.10.10"]
[SourceVersion "1"]
[SourceVersionDate "2023.10.10"]
[SourceQuality "1"]

1. Nf3 Nf6 2. g3 g6 3. Bg2 Bg7 4. 0-0 0-0 5. d3 Nc6 6. e4 d5 7. Nbd2 e5 8. Re1 Re8 9. a4 a5 10. b3 h6 11. Bb2 d4 12. Nc4 Nd7 13. Qd2 Nc5 14. h3 b6 15. Nh2 Be6 16. Rf1 Qd7 17. h4 Rad8 18. Rae1 Kh7 19. Ba3 Na6 20. Bc1 Nab4 21. Kh1 f5 22. exf5 Bxf5 23. Re2 Nd5 24. Ree1 Nc3 25. Kg1 e4 26. dxe4 Nxe4 27. Qf4 Nc3 28. h5 g5 29. Bxc6 gxf4 30. Bxd7 Bxd7 31. Rxe8 Rxe8 32. Bxf4 Ne2+ 33. Kg2 Nxf4+ 34. gxf4 Re2 35. Rc1 Bf5 0-1